Report of the one-man Commission of Inquiry headed by Hon'ble Mr. Justice K.K.Maathew to enquire into the incidents of explosions that took place on 2-1-1975 at Samastipur (Record no. 488071)

000 -LEADER
fixed length control field 00520cam a22001337a 4500
008 - FIXED-LENGTH DATA ELEMENTS--GENERAL INFORMATION
fixed length control field 180718b1977 xxu||||| |||| 00| 0 eng d
082 ## - DEWEY DECIMAL CLASSIFICATION NUMBER
Classification number A99 In2m
100 ## - MAIN ENTRY--PERSONAL NAME
Personal name India. One-man Commission of Inquiry
245 ## - TITLE STATEMENT
Title Report of the one-man Commission of Inquiry headed by Hon'ble Mr. Justice K.K.Maathew to enquire into the incidents of explosions that took place on 2-1-1975 at Samastipur
260 ## - PUBLICATION, DISTRIBUTION, ETC.
Place of publication, distribution, etc. New Delhi
Name of publisher, distributor, etc. The author
Date of publication, distribution, etc. 1977
300 ## - PHYSICAL DESCRIPTION
Extent 230+p.
500 ## - GENERAL NOTE
General note Chairman: K.K. Mathew
700 ## - ADDED ENTRY--PERSONAL NAME
Personal name Mathew, K.K. (Chairman)
Holdings
Withdrawn status Lost status Damaged status Not for loan Permanent Location Current Location Date acquired Full call number Barcode Date last seen Price effective from Koha item type
        Indian Institute of Public Administration Indian Institute of Public Administration 2018-08-04 A99 In2m GG17173 2018-08-04 2018-08-04 GG

Powered by Koha